Christianity : (Record no. 10391)

MARC details
000 -LEADER
fixed length control field 00698cam a22002417a 4500
001 - CONTROL NUMBER
control field 600954
003 - CONTROL NUMBER IDENTIFIER
control field OSt
005 - DATE AND TIME OF LATEST TRANSACTION
control field 20210223155728.0
008 - FIXED-LENGTH DATA ELEMENTS--GENERAL INFORMATION
fixed length control field 911106s1992 ilua 000 0 eng
010 ## - LIBRARY OF CONGRESS CONTROL NUMBER
LC control number 91067488
020 ## - INTERNATIONAL STANDARD BOOK NUMBER
International Standard Book Number 0842305254 :
Terms of availability $3.95
040 ## - CATALOGING SOURCE
Original cataloging agency DLC
Transcribing agency DLC
Modifying agency DLC
050 00 - LIBRARY OF CONGRESS CALL NUMBER
Classification number BT1102
Item number M478C
082 ## - DEWEY DECIMAL CLASSIFICATION NUMBER
Item number M478C
100 1# - MAIN ENTRY--PERSONAL NAME
Personal name McCallum, Dennis.
245 10 - TITLE STATEMENT
Title Christianity :
Remainder of title the faith that makes sense /
Statement of responsibility, etc. Dennis McCallum.
260 ## - PUBLICATION, DISTRIBUTION, ETC.
Place of publication, distribution, etc. Wheaton, Ill. :
Name of publisher, distributor, etc. Living Books,
Date of publication, distribution, etc. c1992.
300 ## - PHYSICAL DESCRIPTION
Extent 162 p. :
Other physical details ill. ;
Dimensions 18 cm.
650 #0 - SUBJECT ADDED ENTRY--TOPICAL TERM
Topical term or geographic name entry element Apologetics.
906 ## - LOCAL DATA ELEMENT F, LDF (RLIN)
a 7
b cbc
c orignew
d 3
e opcn
f 19
g y-gencatlg
942 ## - ADDED ENTRY ELEMENTS (KOHA)
Source of classification or shelving scheme Dewey Decimal Classification
Koha item type Books
Holdings
Withdrawn status Lost status Source of classification or shelving scheme Damaged status Not for loan Collection code Home library Current library Shelving location Date acquired Total Checkouts Full call number Barcode Date last seen Price effective from Koha item type
    Dewey Decimal Classification     Non-fiction Harvest Mission College Harvest Mission College General Stacks 27.02.2021   239 M478C 011987 27.02.2021 27.02.2021 Books

OPAC Designed and Maintained by HMC Library Team.
Copyright © HMC Library,Greater Noida, UP.
For any Suggestions/Query Contact library via Email:libhmc@gmail.com